Statistiques concernant Capitales commençant par K

Cliquez ici pour prendre le quiz!

Statistiques générales

  • Ce quiz a été pris 170 fois
    (169 depuis la dernière actualisation)
  • Le résultat moyen est 7 sur 11

Statistiques - réponses

Capitales% Correct
Koweït
79%
Kigali
72%
Kaboul
68%
Kinshasa
65%
Katmandou
63%
Kingston
63%
Kingstown
63%
Kuala Lumpur
63%
Khartoum
61%
Kampala
57%
Kiev
56%

Distribution des résultats

Percentile par nombre de réponses

% des personnes avec chaque résultat

Votre développement - résultats

Vous n’avez pas pris ce quiz depuis la dernière actualisation